1354 1860 1683 1688 1392 1853 1213 1497 1312 1428 1453 1050 1108 1336 1600 1998 1604 1064 1382 1028 1612 1123 1142 1659 1077 1751 1312 1426 1727 1906 1984 1281 1761 1874 1098 1918 1784 1536 1661 1380 1282 1268 1933 1015 1457 1986 1823 1028 1613 1727 1805 1421 1685 1514 1151 1083 1025 1028 1046 1618 1964 1945 1871 1370 1876 1193 1741 1268 1572 1771 1677 1157 1206 1661 1228 1756 1882 1978 1673 1235 1444 1229 1043 1610 1279 1338 1235 1659 1680 1694 1598 1100 1149 1231 1426 1371 1896 1054 1097 BCNSPRNW ULIB Ver.6.0+V

เปลี่ยนเป็นภาษาไทย

Change to English
 แสดงรายละเอียดบรรณานุกรม
  กลับหน้าหลัก

Brief Record : Get Marc (ISO 2709) : E-mail record : QR code < ปิดหน้าต่าง
LEADER : 00000nam 2200000uu 4500
001    13399128454
003     ULIB
008    230829s2565||||th 000 0 tha d
020    ^a9789740341383
060 04 ^aWY152.3^bว492ก
100 0  ^aวาสินี วิเศษฤทธิ์
245 10 ^aการดูแลแบบประคับประคอง :^bการออกแบบระบบบริการและการพัฒนาสมรรถนะพยาบาลวิชาชีพ /^cวาสินีวิเศษฤทธิ์
250    ^aพิมพ์ครั้งที่ 1
260    ^aกรุงเทพฯ :^bสำนักพิมพ์จุฬาลงกรณ์มหาวิทยาลัย,^c2565
300    ^aก-ฌ, 189 หน้า :^bภาพประกอบ ;^c26 ซม.
650  4 ^aการรักษาเพื่อบรรเทาอาการ
650  4 ^aผู้ป่วยระยะสุดท้าย^xการดูแล
650  4 ^aผู้ป่วยหนัก, การดูแล
945    ^p320^l0^i29662
945    ^p320^l0^i29663
945    ^p320^l0^i29664
945    ^p320^l0^i29665
945    ^p320^l0^i29666
999    ^aกัณชพร จุลอักษร
รายการนี้ยังไม่มีแท็ก
คุณยังไม่ได้ล็อกอิน คุณสามารถมีกิจกรรมร่วมกับเว็บไซต์ได้ แต่ต้องล็อกอินก่อน ::
  ล็อกอิน

รายการสื่อสารสนเทศ

ลำดับที่ ประเภท เลขเรียก/บาร์โค้ด สถานที่ สถานะ
1. หนังสือสำรอง
หนังสือสำรอง
WY152.3 ว492ก ฉ.1 
  Barcode: 29662
ห้องสมุดวิทยาเขตนครสวรรค์
►หนังสือทั่วไป:l:General Books
บนชั้น
2. วิทยาศาสตร์การแพทย์ และสุขภาพ
วิทยาศาสตร์การแพทย์ และสุขภาพ
WY152.3 ว492ก ฉ.2 
  Barcode: 29663
ห้องสมุดวิทยาเขตนครสวรรค์
►หนังสือทั่วไป:l:General Books
บนชั้น
3. วิทยาศาสตร์การแพทย์ และสุขภาพ
วิทยาศาสตร์การแพทย์ และสุขภาพ
WY152.3 ว492ก ฉ.3 
  Barcode: 29664
ห้องสมุดวิทยาเขตนครสวรรค์
►หนังสือทั่วไป:l:General Books
บนชั้น
4. วิทยาศาสตร์การแพทย์ และสุขภาพ
วิทยาศาสตร์การแพทย์ และสุขภาพ
WY152.3 ว492ก ฉ.4 
  Barcode: 29665
ห้องสมุดวิทยาเขตนครสวรรค์
►หนังสือทั่วไป:l:General Books
บนชั้น
5. วิทยาศาสตร์การแพทย์ และสุขภาพ
วิทยาศาสตร์การแพทย์ และสุขภาพ
WY152.3 ว492ก ฉ.5 
  Barcode: 29666
ห้องสมุดวิทยาเขตนครสวรรค์
►หนังสือทั่วไป:l:General Books
บนชั้น

รายการใกล้เคียง
    ผู้แต่ง [วาสินี วิเศษฤทธิ์]

    หัวเรื่อง [การรักษาเพื่อบรรเทาอาการ]
    หัวเรื่อง [ผู้ป่วยหนัก, การดูแล]

BibComment


ยังไม่เคยถูกคอมเมนท์

คอมเมนท์ทรัพยากรรายการนี้
  คอมเมนท์: การดูแลแบบประคับ..


 Copyright 2026. Bcnsprnw @Library